Á lódáil...

दूसरी कहानी

Sonraí Bibleagrafaíochta
Príomhúdar: अलका सरावगी
Údair Eile: Alka Saraogi
Formáid: Printed Book
Foilsithe: New Delhi: Rajkamal, 2003.
Eagrán:2nd ed.
Ábhair:
LEADER 00566cam a2200181ua 4500
020 |a 1 
082 |a H891.433 71  |b ALK/D 
100 |a अलका सरावगी  
245 0 0 |a दूसरी कहानी  
250 |a 2nd ed. 
260 |a New Delhi:  |b Rajkamal,  |c 2003. 
300 |a 175p.. 
500 |a 1. 
650 0 |a Hindi fiction  |a Doosari kahani 
700 0 2 |a Alka Saraogi,  
942 |c BK 
999 |c 5714  |d 5714 
952 |0 0  |1 0  |4 0  |6 H_891_433000000000000_71_ALK  |7 0  |9 6005  |a KUCL  |b KUCL  |d 2014-05-23  |l 1  |o H891.433 71 ALK/  |p 10859  |r 2018-03-17  |s 2018-01-23  |w 2014-05-23  |y BK